000 00312 a2200157 4500
001 68067
020 _a978312607192
040 _cAnchieta - Pituba
100 _aFleer, Sarah
240 1 0 _aKlasse! A1
_l
245 1 0 _aKlasse! A1
300 _a144
362 0 _a2018
650 4 _aLíngua alemã
942 _cBK
999 _c68067
_d68067